Real Madrid CF Squad 2011-2012 - Statistics

General Stats
  • This quiz has been taken 208 times
  • The average score is 19 of 24
Answer Stats
# Position Nation Player % Correct
7 FW Portugal Cristiano Ronaldo
100%
3 DF Portugal Pepe
98%
4 DF Spain Sergio Ramos
98%
9 FW France Karim Benzema
97%
1 GK Spain Iker Casillas
96%
12 DF Brazil Marcelo Vieira
96%
10 MF Germany Mesut Özil
95%
20 FW Argentina Gonzalo Higuaín
90%
- Coach Portugal José Mourinho
90%
6 MF Germany Sami Khedira
88%
22 FW Argentina Ángel Di María
87%
15 DF Portugal Fábio Coentrão
87%
8 MF Brazil Kaká
85%
14 MF Spain Xabi Alonso
83%
2 DF Portugal Ricardo Carvalho
82%
19 DF France Raphaël Varane
75%
17 DF Spain Álvaro Arbeloa
72%
24 MF France Lassana Diarra
66%
5 MF Turkey Nuri Şahin
66%
18 DF Spain Raúl Albiol
60%
16 MF Turkey Hamit Altıntop
57%
13 GK Spain Antonio Adán
52%
21 FW Spain José Callejón
51%
11 MF Spain Esteban Granero
47%
No matching quizzes found
Score Distribution
Percent of People with Each Score
Percentile by Number Answered
Your Score History
You have not taken this quiz